Reconstruir la soberanía : (Record no. 156828)

MARC details
000 -LEADER
fixed length control field 00640nam a22001817a 4500
005 - DATE AND TIME OF LATEST TRANSACTION
control field 20210831091943.0
008 - FIXED-LENGTH DATA ELEMENTS--GENERAL INFORMATION
fixed length control field 210706b mx||||| |||| 00| 0 spa d
020 ## - INTERNATIONAL STANDARD BOOK NUMBER
International Standard Book Number 9686719180
050 04 - LIBRARY OF CONGRESS CALL NUMBER
Classification number F1228
Item number R43 1998
245 10 - TITLE STATEMENT
Title Reconstruir la soberanía :
Remainder of title México en la globalización /
Statement of responsibility, etc Julieta Campos...[et al.] ; coordinador Luis González Souza
250 ## - EDITION STATEMENT
Edition statement primera edición
260 ## - PUBLICATION, DISTRIBUTION, ETC. (IMPRINT)
Place of publication, distribution, etc México :
Name of publisher, distributor, etc La jornada ediciones,
Date of publication, distribution, etc 1998
300 ## - PHYSICAL DESCRIPTION
Extent 190 p. ;
Dimensions 22 cm.
490 #0 - SERIES STATEMENT
Series statement Colección Historia y sociedad
651 #4 - SUBJECT ADDED ENTRY--GEOGRAPHIC NAME
Geographic name México
Form subdivision Relaciones exteriores
General subdivision Siglo XX.
700 1# - ADDED ENTRY--PERSONAL NAME
Personal name Albina Garavito,Rosa,
Relator term autor
942 ## - ADDED ENTRY ELEMENTS (KOHA)
Source of classification or shelving scheme Biblioteca del Cogreso de los Estados Unidos
Koha item type Libro
Holdings
Estado de pérdida Fuente de clasificación Estado del daño No para préstamo Ubicación permanente Ubicación actual Apartado o colección Fecha de adquisición Fuente de adquisición Edición Dependencia de educación superior (DES) Área del conocimiento Total Checkouts Clasificación Código de Barras Date last seen Número de copia Costo por reposición Tipo de recurso
  Biblioteca del Cogreso de los Estados Unidos   Consulta Biblioteca de la Facultad de Filosofía Biblioteca de la Facultad de Filosofía Fondo "Luis Villoro" 06/07/2021 Donación 1a ed. Humanidades Educación y Humanidades   F1228 R43 1998 BFF000034824 06/07/2021 C:1 1.00 Libro